| 000 | 006050000a22001930004500 | ||
|---|---|---|---|
| 999 |
_c59929 _d59929 |
||
| 001 | 768714001 | ||
| 003 | CO-MdFUSB | ||
| 005 | 20170719084745.0 | ||
| 008 | 170719s1991 ag ||||| |||| 00| 0 spa d | ||
| 022 | _a0122-2996 | ||
| 040 |
_aCO-MdFUSB _bspa _cCO-MdFUSB _dCO-MdFUSB |
||
| 041 | _aspa | ||
| 100 | 1 |
_aCook, Guillermo _eautor |
|
| 245 | 1 | 0 | _aConversión en el camino |
| 300 |
_aVolumen 23. Número 42/43 (1991), Páginas 177-185 _c22 cm. |
||
| 546 | _aTexto en español | ||
| 773 | 0 |
_tBoletín Teológico _049507 _961462 _gVolumen 23. Número 42/43 (1991), Páginas 177-185 _qPágina 177 |
|
| 942 | _cANA | ||